Name one city that... #4 - Statistics

General Stats
  • This quiz has been taken 113 times
    65 since last reset
  • The average score is 15 of 20
Answer Stats
Name one city that... City % Correct
Is one of the 3 most populous cities in the Arab world Baghdad | Cairo | Riyadh
97%
The Danube flows through and is a capital city Belgrade | Bratislava | Budapest | Vienna
95%
Was the birthplace of one of the general secretaries of the CPSU (Communist party of the Soviet Union) Bolshaya Tes | Gori | Kalinovka | Kamenskoye | Poltava | Privolnoye | Stanitsa Nagutskaya |
95%
Is the biggest city in its US State or Territory and has a Spanish name Albuquerque | Las Vegas | Los Angeles | San Juan
90%
Is a European city with a canal system and has more than 100 000 people Amsterdam | Annecy | Bruges | Copenhagen | Hamburg | Rotterdam | Saint Petersburg | Stockholm | The Hague | Utrecht | Venice
90%
Is one of the 5 most populous cities in Oceania, if you exclude Australia Auckland | Christchurch | Hamilton | Port Moresby | Wellington
87%
Was the capital city of either West or East Germany before reunification Bonn | East Berlin
85%
Is a Mexican municipality on the US border and has more than 1 million people Ciudad Juárez | Mexicali | Tijuana
85%
Is a city that became a capital after the year 2000 Dili | Gitega | Juba | Naypyidaw | Ngerulmud | Pristina | Podgorica
85%
Starts with 'Q' and has more than a million people Qingdao | Quezon City | Quito
85%
Is one of the Autonomous cities belonging to Spain Ceuta | Melilla
80%
Is one of the 2 biggest cities ending in '-bad' Ahmedabad | Hyderabad
78%
Once held the tallest building in the world (before the year 1700) Giza | Jericho | Lincoln | London | Strasbourg | Stralsund | Ur
78%
Starts with 'Y' and has more than a million people Yangon | Yaounde | Yekaterinburg | Yokohama | Yueyang | Yunfu
78%
Is a South American city that was the capital city of independent countries after the year 1800, but aren't today Concepción del Uruguay | Laguna | Pasto | Piratini | Purificación | Rio de Janeiro | Tacna
73%
Holds one of the 5 tallest mosques in the world Algiers | Casablanca | Shah Alam | Tehran | Manama
67%
Is one of the 5 biggest cities in the Crimean peninsula Kerch | Sebastopol | Simferopol | Yalta | Yevpatoria
60%
Is the capital city of one of Russia's republics considered to be in Asia Abakan | Gorno-Altaysk | Kyzyl | Ulan-Ude | Yakutsk
45%
Modern-day Spanish cities that were once ancient Greek colonies Alicante | Aljaraque | Ampurias (Empúries) | Dénia | Elche | El Puerto de Santa María | Roses | Sagunto | Salou | Santa Pola
40%
Has an Egyptian temple and is not in Egypt or its neighbours Leiden | Madrid | New York City | Turin
37%
No matching quizzes found
Score Distribution
Percent of People with Each Score
Percentile by Number Answered
Your Score History
You have not taken this quiz since the last reset